<?xml version="1.0" encoding="UTF-8"?>
<record
    xmlns:xsi="http://www.w3.org/2001/XMLSchema-instance"
    xsi:schemaLocation="http://www.loc.gov/MARC21/slim http://www.loc.gov/standards/marcxml/schema/MARC21slim.xsd"
    xmlns="http://www.loc.gov/MARC21/slim">

  <leader>00424nam a22001697a 4500</leader>
  <controlfield tag="003">OSt</controlfield>
  <controlfield tag="005">20250823160454.0</controlfield>
  <controlfield tag="008">250823b        |||||||| |||| 00| 0 eng d</controlfield>
  <datafield tag="020" ind1=" " ind2=" ">
    <subfield code="a">9789354666070</subfield>
  </datafield>
  <datafield tag="040" ind1=" " ind2=" ">
    <subfield code="c">IIMT UNIVERSITY</subfield>
  </datafield>
  <datafield tag="100" ind1=" " ind2=" ">
    <subfield code="a">Sundar Lal</subfield>
  </datafield>
  <datafield tag="245" ind1=" " ind2=" ">
    <subfield code="a">Textbook of Community Medicine - Preventive and Social Medicine </subfield>
  </datafield>
  <datafield tag="250" ind1=" " ind2=" ">
    <subfield code="a">8Ed</subfield>
  </datafield>
  <datafield tag="260" ind1=" " ind2=" ">
    <subfield code="a">New Delhi</subfield>
    <subfield code="b">CBS</subfield>
    <subfield code="c">2024</subfield>
  </datafield>
  <datafield tag="300" ind1=" " ind2=" ">
    <subfield code="a">782</subfield>
  </datafield>
  <datafield tag="942" ind1=" " ind2=" ">
    <subfield code="2">ddc</subfield>
    <subfield code="c">02</subfield>
  </datafield>
  <datafield tag="999" ind1=" " ind2=" ">
    <subfield code="c">65956</subfield>
    <subfield code="d">65956</subfield>
  </datafield>
  <datafield tag="952" ind1=" " ind2=" ">
    <subfield code="0">0</subfield>
    <subfield code="1">0</subfield>
    <subfield code="2">ddc</subfield>
    <subfield code="4">0</subfield>
    <subfield code="7">0</subfield>
    <subfield code="a">01</subfield>
    <subfield code="b">01</subfield>
    <subfield code="d">2025-08-23</subfield>
    <subfield code="e">Kirti Prakashan</subfield>
    <subfield code="g">1495.00</subfield>
    <subfield code="i">IN371/18-08-2025</subfield>
    <subfield code="l">1</subfield>
    <subfield code="p">01-B-144609</subfield>
    <subfield code="q">2026-08-15</subfield>
    <subfield code="r">2026-01-08</subfield>
    <subfield code="s">2026-01-08</subfield>
    <subfield code="u">medical science</subfield>
    <subfield code="w">2025-08-23</subfield>
    <subfield code="y">02</subfield>
  </datafield>
  <datafield tag="952" ind1=" " ind2=" ">
    <subfield code="0">0</subfield>
    <subfield code="1">0</subfield>
    <subfield code="2">ddc</subfield>
    <subfield code="4">0</subfield>
    <subfield code="7">0</subfield>
    <subfield code="a">01</subfield>
    <subfield code="b">01</subfield>
    <subfield code="d">2025-08-23</subfield>
    <subfield code="e">Kirti Prakashan</subfield>
    <subfield code="g">1495.00</subfield>
    <subfield code="i">IN371/18-08-2025</subfield>
    <subfield code="l">1</subfield>
    <subfield code="p">01-B-144610</subfield>
    <subfield code="q">2027-03-31</subfield>
    <subfield code="r">2025-11-12</subfield>
    <subfield code="s">2025-11-12</subfield>
    <subfield code="u">medical science</subfield>
    <subfield code="w">2025-08-23</subfield>
    <subfield code="y">02</subfield>
  </datafield>
  <datafield tag="952" ind1=" " ind2=" ">
    <subfield code="0">0</subfield>
    <subfield code="1">0</subfield>
    <subfield code="2">ddc</subfield>
    <subfield code="4">0</subfield>
    <subfield code="7">0</subfield>
    <subfield code="a">01</subfield>
    <subfield code="b">01</subfield>
    <subfield code="d">2025-08-23</subfield>
    <subfield code="e">Kirti Prakashan</subfield>
    <subfield code="g">1495.00</subfield>
    <subfield code="i">IN371/18-08-2025</subfield>
    <subfield code="l">1</subfield>
    <subfield code="p">01-B-144611</subfield>
    <subfield code="q">2027-03-31</subfield>
    <subfield code="r">2025-11-12</subfield>
    <subfield code="s">2025-11-12</subfield>
    <subfield code="u">medical science</subfield>
    <subfield code="w">2025-08-23</subfield>
    <subfield code="y">02</subfield>
  </datafield>
  <datafield tag="952" ind1=" " ind2=" ">
    <subfield code="0">0</subfield>
    <subfield code="1">0</subfield>
    <subfield code="2">ddc</subfield>
    <subfield code="4">0</subfield>
    <subfield code="7">0</subfield>
    <subfield code="a">01</subfield>
    <subfield code="b">01</subfield>
    <subfield code="d">2025-08-23</subfield>
    <subfield code="e">Kirti Prakashan</subfield>
    <subfield code="g">1495.00</subfield>
    <subfield code="i">IN371/18-08-2025</subfield>
    <subfield code="l">1</subfield>
    <subfield code="p">01-B-144612</subfield>
    <subfield code="q">2026-08-15</subfield>
    <subfield code="r">2026-01-08</subfield>
    <subfield code="s">2026-01-08</subfield>
    <subfield code="u">medical science</subfield>
    <subfield code="w">2025-08-23</subfield>
    <subfield code="y">02</subfield>
  </datafield>
  <datafield tag="952" ind1=" " ind2=" ">
    <subfield code="0">0</subfield>
    <subfield code="1">0</subfield>
    <subfield code="2">ddc</subfield>
    <subfield code="4">0</subfield>
    <subfield code="7">0</subfield>
    <subfield code="a">01</subfield>
    <subfield code="b">01</subfield>
    <subfield code="d">2025-08-23</subfield>
    <subfield code="e">Kirti Prakashan</subfield>
    <subfield code="g">1495.00</subfield>
    <subfield code="i">IN371/18-08-2025</subfield>
    <subfield code="l">1</subfield>
    <subfield code="p">01-B-144613</subfield>
    <subfield code="q">2027-03-31</subfield>
    <subfield code="r">2025-12-15</subfield>
    <subfield code="s">2025-12-15</subfield>
    <subfield code="u">medical science</subfield>
    <subfield code="w">2025-08-23</subfield>
    <subfield code="y">02</subfield>
  </datafield>
  <datafield tag="952" ind1=" " ind2=" ">
    <subfield code="0">0</subfield>
    <subfield code="1">0</subfield>
    <subfield code="2">ddc</subfield>
    <subfield code="4">0</subfield>
    <subfield code="7">0</subfield>
    <subfield code="a">01</subfield>
    <subfield code="b">01</subfield>
    <subfield code="d">2025-08-23</subfield>
    <subfield code="e">Kirti Prakashan</subfield>
    <subfield code="g">1495.00</subfield>
    <subfield code="i">IN371/18-08-2025</subfield>
    <subfield code="l">1</subfield>
    <subfield code="p">01-B-144614</subfield>
    <subfield code="q">2027-03-31</subfield>
    <subfield code="r">2025-11-12</subfield>
    <subfield code="s">2025-11-12</subfield>
    <subfield code="u">medical science</subfield>
    <subfield code="w">2025-08-23</subfield>
    <subfield code="y">02</subfield>
  </datafield>
  <datafield tag="952" ind1=" " ind2=" ">
    <subfield code="0">0</subfield>
    <subfield code="1">0</subfield>
    <subfield code="2">ddc</subfield>
    <subfield code="4">0</subfield>
    <subfield code="7">0</subfield>
    <subfield code="a">01</subfield>
    <subfield code="b">01</subfield>
    <subfield code="d">2025-08-23</subfield>
    <subfield code="e">Kirti Prakashan</subfield>
    <subfield code="g">1495.00</subfield>
    <subfield code="i">IN371/18-08-2025</subfield>
    <subfield code="l">1</subfield>
    <subfield code="p">01-B-144615</subfield>
    <subfield code="q">2027-03-31</subfield>
    <subfield code="r">2025-11-12</subfield>
    <subfield code="s">2025-11-12</subfield>
    <subfield code="u">medical science</subfield>
    <subfield code="w">2025-08-23</subfield>
    <subfield code="y">02</subfield>
  </datafield>
  <datafield tag="952" ind1=" " ind2=" ">
    <subfield code="0">0</subfield>
    <subfield code="1">0</subfield>
    <subfield code="2">ddc</subfield>
    <subfield code="4">0</subfield>
    <subfield code="7">0</subfield>
    <subfield code="a">01</subfield>
    <subfield code="b">01</subfield>
    <subfield code="d">2025-08-23</subfield>
    <subfield code="e">Kirti Prakashan</subfield>
    <subfield code="g">1495.00</subfield>
    <subfield code="i">IN371/18-08-2025</subfield>
    <subfield code="l">1</subfield>
    <subfield code="p">01-B-144616</subfield>
    <subfield code="q">2027-03-31</subfield>
    <subfield code="r">2025-09-26</subfield>
    <subfield code="s">2025-09-26</subfield>
    <subfield code="u">medical science</subfield>
    <subfield code="w">2025-08-23</subfield>
    <subfield code="y">02</subfield>
  </datafield>
  <datafield tag="952" ind1=" " ind2=" ">
    <subfield code="0">0</subfield>
    <subfield code="1">0</subfield>
    <subfield code="2">ddc</subfield>
    <subfield code="4">0</subfield>
    <subfield code="7">0</subfield>
    <subfield code="a">01</subfield>
    <subfield code="b">01</subfield>
    <subfield code="d">2025-08-23</subfield>
    <subfield code="e">Kirti Prakashan</subfield>
    <subfield code="g">1495.00</subfield>
    <subfield code="i">IN371/18-08-2025</subfield>
    <subfield code="l">1</subfield>
    <subfield code="p">01-B-144617</subfield>
    <subfield code="q">2026-08-15</subfield>
    <subfield code="r">2026-01-21</subfield>
    <subfield code="s">2026-01-21</subfield>
    <subfield code="u">medical science</subfield>
    <subfield code="w">2025-08-23</subfield>
    <subfield code="y">02</subfield>
  </datafield>
  <datafield tag="952" ind1=" " ind2=" ">
    <subfield code="0">0</subfield>
    <subfield code="1">0</subfield>
    <subfield code="2">ddc</subfield>
    <subfield code="4">0</subfield>
    <subfield code="7">0</subfield>
    <subfield code="a">01</subfield>
    <subfield code="b">01</subfield>
    <subfield code="d">2025-08-23</subfield>
    <subfield code="e">Kirti Prakashan</subfield>
    <subfield code="g">1495.00</subfield>
    <subfield code="i">IN371/18-08-2025</subfield>
    <subfield code="l">1</subfield>
    <subfield code="p">01-B-144618</subfield>
    <subfield code="q">2026-08-15</subfield>
    <subfield code="r">2026-01-21</subfield>
    <subfield code="s">2026-01-21</subfield>
    <subfield code="u">medical science</subfield>
    <subfield code="w">2025-08-23</subfield>
    <subfield code="y">02</subfield>
  </datafield>
</record>
